LEADER 01099nam a2200205 4500 001 000000357121 003 CaOOAMICUS 005 20240212091218.0 008 240212s1733 fr 000 u fre r 040 $aSeMil$bita 245 03$a2: Depuis 1686 jusqu'à son renouvellement en 1699. 264 1$aA Paris :$bchez Gabriel Martin : Jean-Baptiste Coignard, fils : Hippolyte-Louis Guerin, Rue S. Jacques,$c1733. 300 $a[2], 436 p. ;$c4° 500 $aFregio xilogr. sul front. 773 0 $aAcademie des sciences $tHistoire de l'Academie royale des sciences.$dA Paris : chez Gabriel Martin : Jean-Baptiste Coignard, fils : Hippolyte-Louis Guerin, Rue S. Jacques, 1733.$g2$w()357119 850 $aSeMil 852 $aSeMil$W1$xVenegono$y1$m3W VII 2 FA$j246003$B248300$CSeMilBibl$Z2$F248300 $8I 996 $6245$a2: Depuis 1686 jusqu'à son renouvellement en 1699$9(OLS)http://semarc/title/447370 996 $6264$aA Paris :$bchez Gabriel Martin : Jean-Baptiste Coignard, fils : Hippolyte-Louis Guerin, Rue S. Jacques$9(OLS)http://semarc/publisher/61550 LEADER 01309nam a2200241 i 4500 001 000000046389 003 CaOOAMICUS 005 20090925000000.0 008 090925s1921 gw u000 u mul u 013 $a17559 040 $aSeMil$bita 100 1 $aEck, Johannes <1486-1543>.$0(OLS)http://semarc/name/23041 245 10$aEpistola de ratione studiorum suorum, 1538 /$cJohannes Eck. De obitu Ioan. Eckii adversus calumnian Viti Theodorici, 1543 / Erasmus Wolph ; herausgegeben von Johannes Metzler. 260 $aMünster in Westfalen :$bAschendorffsche Verlagsbuchhandlung,$c1921. 300 $a106 p. ;$c26 cm. 490 0 $aCorpus Catholicorum : Werke katholischer Schriftsteller im Zeitalter der Glaubensspaltung ;$v2 700 1 $aWolph, Erasmus.$0(OLS)http://semarc/name/23043 700 1 $aMetzler, Johannes,$c.$0(OLS)http://semarc/name/23044 830 0$aCorpus Catholicorum : Werke katholischer Schriftsteller im Zeitalter der Glaubensspaltung ;$v2.$0(OLS)http://semarc/title/363 850 $aSeMil 852 $aSeMil$W1$xVenegono$y1$m2A V 245$j12544$B12544$CSeMilBibl$Z2$F12544 $81 996 $6245$aEpistola de ratione studiorum suorum, 1538$9(OLS)http://semarc/title/69335 996 $6260$aMünster in Westfalen :$bAschendorffsche Verlagsbuchhandlung$9(OLS)http://semarc/publisher/29758